| 000 | 01371cam a22003495a 4500 | ||
|---|---|---|---|
| 001 | 13783999 | ||
| 003 | OSt | ||
| 005 | 20140310183041.0 | ||
| 008 | 040312s2003 ph a b 001 0 eng | ||
| 010 | _a 2003711697 | ||
| 020 | _a9715504396 | ||
| 035 | _a(DLC) 2003711697 | ||
| 037 |
_bLibrary of Congress -- Jakarta Overseas Office _cP495.00 |
||
| 040 |
_aDLC _cDLC |
||
| 042 | _alcode | ||
| 050 |
_aNC 992 _b.C967 2003 |
||
| 082 |
_aFIL 959.9031 _b.C967 2003 |
||
| 100 | 1 | _aCullinane, Michael. | |
| 245 | 1 | 0 |
_aIlustrado politics _bFilipino elite responses to American rule, 1898-1908 _cCullinane, Michael |
| 246 | 3 | 0 | _aFilipino elite responses to American rule, 1898-1908 |
| 260 |
_aQuezon City _bAteneo de Manila University Press _cc2003 |
||
| 300 |
_axiii, 466 p. _bill. _c23 cm. |
||
| 500 | _aRevision of the author's thesis (doctoral)--University of Michigan, 1989. | ||
| 504 | _aIncludes bibliographical references (p. 418-446) and index. | ||
| 521 | _aCollege students | ||
| 526 | _c1210L to 1700L | ||
| 541 | _j1 | ||
| 562 | _efor circulation : 1 copy available in the collection | ||
| 906 |
_a7 _bibc _corigode _d3 _encip _f20 _gy-gencatlg |
||
| 942 |
_2lcc _cBK _kFIL |
||
| 999 |
_c18536 _d18536 |
||